000 00895nam a22002297a 4500
008 160818b xxu||||| |||| 00| 0 eng d
020 _a0-7817-6785-7
082 _22006
_aDC 362.1730
_bM35l
100 _913031
_aMarquis, Bessie L.
245 _aLeadership roles and management functions in nursing :
_btheory and application /
_cBessie L. Marquis, Carol J. Huston.
250 _a5th Edition
260 _aPhiladelphia, PA :
_bLippincott Williams & Wilkins,
_cc2006.
300 _axix, 723 pages :
_billustrations ;
_c22 cm.
500 _aIncludes bibliographical references and index
650 0 _913035
_aNursing services -- Administration
650 0 _913037
_aLeadership
650 0 _913038
_aNurse administrators
650 0 _913039
_aNursing, Supervisory
650 0 _913040
_aNursing -- organization & administration
700 _913041
_aHuston, Carol Jorgensen
942 _2ddc
_cDC
999 _c3906
_d3906